00318 2200133 4500001002100000005001500021035002000036245004400056300000800100260003200108082000800140084001200148990002400160INLIS00000000000218720250527010724 a0010-0525000479 aMenggapai Cita-Cita /cTuwuh Trisnayadi a175 bPustaka Insan Madani,c2008 a300 a300 MEN a0713149 s/d 0713150